000
00262nam a22000977a 4500
008
250424b |||||||| |||| 00| 0 eng d
020
_a
9789362390370
100
_a
Oswaal
_9
7599
245
_a
CBSE QUESTION BANK-10 (SOCIAL SCIENCE)
260
_a
New Delhi
_b
Oswaal books
999
_c
12751
_d
12751